|
|
|
|
| LEADER |
00000cam a2200000 7i4500 |
| 001 |
0000020000 |
| 005 |
20100121.0 |
| 008 |
100114s maua eng |
| 020 |
|
|
|a 9781591392897 ,
|c RM108.53
|
| 040 |
|
|
|a INS
|
| 090 |
0 |
0 |
|a HD31
|b H37 2004
|
| 245 |
0 |
0 |
|a Harvard business essentials :
|b manager's toolkit : the 13 skills managers need ro succeed
|
| 260 |
|
|
|a Boston :
|b Harvard Business school press ,
|c 2004
|
| 300 |
|
|
|a ix, 328p. :
|b ill. ;
|c 23cm.
|
| 490 |
1 |
|
|a Harvard Business Essential Series
|
| 500 |
|
|
|a Includes index
|
| 650 |
|
0 |
|a Management
|
| 650 |
|
0 |
|a Supervision employees
|
| 710 |
1 |
|
|a Harvard Business School
|
| 999 |
|
|
|a 0000021296
|b BOOK
|c Open Shelf
|e Default branch
|
| 999 |
|
|
|a 0000021405
|b BOOK
|c Open Shelf
|e Default branch
|